000 00267nam a2200097Ia 4500
001 1074926
005 20250827002228.0
008 250824s9999 xx 000 0 und d
245 0 _aSEVGİ NEREDEYSE TANRI ORADADIR
_cLEV N.TOLSTOY
260 _bANTİK DÜNYA KLASİKLERİ
999 _c1074926
_d1074926